Sports Quiz

Random Sports or Baseball Quiz

MLB: Worst Best Players Quiz Stats

 Plays Quiz not verified by Sporcle

Challenge
Share
Tweet
Embed
Score 0/39 Timer 10:00
0 Plays Today
Year - Team Name % Correct
1985 - MINKirby Puckett
56%
2018 - SFGBuster Posey
52%
2018 - TORKevin Pillar
48%
2018 - BALManny Machado
48%
1988 - ATLPete Smith
45.9%
2003 - DETDmitri Young
39.4%
2009 - PITJack Wilson
38.5%
1993 - COLAndres Galarraga
35.8%
1998 - LADGary Sheffield
34.9%
1986 - CHWHarold Baines
33.9%
1997 - OAKMark McGwire
33.9%
2011 - CHCStarlin Castro
33.9%
1989 - CHWCarlton Fisk
32.1%
2018 - SDPHunter Renfroe
28%
2001 - BALJeff Conine
22%
2018 - CHWReynaldo Lopez
20%
2017 - PITJosh Harrison
19.4%
2000 - TBRAlbie Lopez
17.4%
1990 - MINGreg Gagne
15.6%
2017 - SDPBrad Hand
13.9%
Year - Team Name % Correct
1980 - NYMLee Mazzilli
13.8%
1999 - FLAAlex Fernandez
13.8%
2015 - MINKyle Gibson
11%
1990 - CLEBrook Jacoby
10.1%
2012 - COLDexter Fowler
9.2%
1987 - TEXPete O'Brien
9.2%
1985 - SFGMike Krukow
8.3%
2016 - SDPDrew Pomeranz
8.3%
1990 - MILRon Robinson
8.3%
2002 - DETJeff Weaver
6.4%
2016 - OAKKendall Graveman
6.4%
1999 - DETBrad Ausmus
5.5%
2018 - DETMike Fiers
4%
2011 - WSNTyler Clippard
3.7%
2012 - HOULucas Harrell
2.8%
2001 - MILRonnie Belliard
2.8%
2011 - ATLEric O'Flaherty
2.8%
2001 - TBRTanyon Sturtze
2.8%
2009 - BALBrad Bergesen
0.9%

You're not logged in!

Compare scores with friends on all Sporcle quizzes.
OR
Log In

You Might Also Like...

Show Comments

Extras

Top Quizzes Today


Score Distribution

Your Account Isn't Verified!

In order to create a playlist on Sporcle, you need to verify the email address you used during registration. Go to your Sporcle Settings to finish the process.

Report this User

Report this user for behavior that violates our Community Guidelines.

Details: